[Event "Championnat de France des Jeunes - Minim"]
[Site "NIMES"]
[Date "2012.04.18"]
[Round "6.3"]
[White "Susini, Lisa"]
[Black "Kambrath, Linda"]
[Result "0-1"]
[WhiteElo "1748"]
[BlackElo "1692"]
[PlyCount "82"]

1. d4 g6 2. Nf3 Bg7 3. e3 d6 4. Be2 Nc6 5. O-O e5 6. c3 Nh6 7. Nbd2 O-O 8. Nb3
e4 9. Nfd2 f5 10. c4 Bd7 11. f3 Qe7 12. a3 a5 13. Rb1 a4 14. Na1 exf3 15. Nxf3
Ng4 16. Nc2 Bh6 17. Qd3 Rae8 18. d5 Na5 19. Bd2 Nb3 20. Bc3 Nxe3 21. Nxe3 Qxe3+
22. Qxe3 Rxe3 23. Bd1 Re4 24. Bxb3 axb3 25. Bd2 Bg7 26. Rfc1 b6 27. Ng5 Re2 28.
Nf3 f4 29. Re1 Rfe8 30. Rxe2 Rxe2 31. Bxf4 Bf5 32. Rd1 Rxb2 33. Nd2 Bc3 34. Nf3
Rb1 35. Rxb1 Bxb1 36. Bd2 Bxd2 37. Nxd2 Bc2 38. Kf2 b2 39. Ke2 b1=Q 40. Nxb1
Bxb1 41. g3 Kf7 0-1

[Event "Championnat de France des Jeunes - Minim"]
[Site "NIMES"]
[Date "2012.04.18"]
[Round "6.4"]
[White "Vignette, Jeanne"]
[Black "Bekhouche, Marion"]
[Result "1-0"]
[WhiteElo "1655"]
[BlackElo "1730"]
[PlyCount "105"]

1. e4 e6 2. d4 d5 3. Nd2 Nf6 4. e5 Nfd7 5. f4 c5 6. c3 Nc6 7. Ndf3 Qb6 8. Ne2
cxd4 9. cxd4 f6 10. a3 a5 11. Nc3 Be7 12. Na4 Qa7 13. Bd3 Rb8 14. Nc3 O-O 15.
Nb5 Qb6 16. Qc2 Kh8 17. Qf2 fxe5 18. dxe5 Nc5 19. O-O Qa6 20. Be2 Ne4 21. Nc3
Nxf2 22. Bxa6 Nh3+ 23. gxh3 bxa6 24. Na4 Bd7 25. Be3 Rb3 26. Bc5 Rxf4 27. Bxe7
Nxe7 28. Ng5 Rf5 29. Rxf5 exf5 30. Nc5 Re3 31. Nxd7 h6 32. Ne6 Nc6 33. Rc1 Ne7
34. Nc7 d4 35. Rd1 d3 36. Nxa6 Nc6 37. Nac5 Nxe5 38. Nxe5 Rxe5 39. Nxd3 Re3 40.
Kg2 g5 41. b4 axb4 42. axb4 Re2+ 43. Kf3 Re6 44. Re1 Rb6 45. Re5 Rf6 46. Ne1
Kg7 47. Nc2 Kg6 48. Nd4 Rf7 49. b5 f4 50. b6 Rb7 51. Re6+ Kg7 52. Nf5+ Kf7 53.
Re7+ 1-0

[Event "Championnat de France des Jeunes - Minim"]
[Site "NIMES"]
[Date "2012.04.18"]
[Round "6.5"]
[White "Rouzes, Sibylle-Anne"]
[Black "Dieuleveut, Floriane"]
[Result "1-0"]
[WhiteElo "1607"]
[BlackElo "1695"]
[PlyCount "123"]

1. e4 c5 2. Nf3 Nc6 3. d4 cxd4 4. Nxd4 g6 5. Nc3 Bg7 6. Be3 Nf6 7. Nxc6 bxc6 8.
e5 Ng8 9. Bd4 f6 10. f4 Qc7 11. Qe2 c5 12. exf6 Nxf6 13. Be5 Qc6 14. Qb5 Bb7
15. Qxc6 Bxc6 16. Nb5 O-O 17. O-O-O Ng4 18. Bxg7 Kxg7 19. Re1 e6 20. h3 Nh6 21.
Re5 c4 22. Rc5 Rxf4 23. Nc7 Rc8 24. Rxc6 Rxf1+ 25. Rxf1 dxc6 26. Nxe6+ Kg8 27.
Rf4 Re8 28. Re4 Nf5 29. Nc5 Rd8 30. g4 Nd6 31. Rd4 Kf7 32. Ne4 Ke6 33. Nxd6
Rxd6 34. Rxc4 Kd5 35. Ra4 Rd7 36. Ra3 Ke4 37. Rc3 Rd6 38. b3 g5 39. Rc5 h6 40.
Ra5 Rd7 41. Rf5 Rd6 42. Rf7 a5 43. Ra7 Rd5 44. Re7+ Re5 45. Rc7 Re6 46. Rf7 c5
47. Ra7 Kf3 48. Rxa5 Rc6 49. Ra4 Kg3 50. Rc4 Ra6 51. Rc3+ Kh4 52. a4 Ra5 53.
Re3 c4 54. Kb2 Ra8 55. Kc3 cxb3 56. cxb3 Rc8+ 57. Kb2 Rf8 58. a5 Rf2+ 59. Kc3
Rh2 60. b4 Ra2 61. Kc4 Rc2+ 62. Kb5 1-0

[Event "Championnat de France des Jeunes - Minim"]
[Site "NIMES"]
[Date "2012.04.19"]
[Round "7.1"]
[White "Bellaiche, Elise"]
[Black "Navrotescu, Andreea-Cristiana"]
[Result "0-1"]
[WhiteElo "1985"]
[BlackElo "2094"]
[PlyCount "80"]

1. e4 c5 2. Nf3 Nc6 3. c3 d5 4. exd5 Qxd5 5. d4 Bf5 6. Be3 cxd4 7. Nxd4 Nxd4 8.
Qxd4 Nf6 9. Qxd5 Nxd5 10. Bb5+ Bd7 11. Bxd7+ Kxd7 12. Ke2 e5 13. a3 f5 14. c4
Nxe3 15. Kxe3 Bc5+ 16. Ke2 Bd4 17. Ra2 Rac8 18. Nd2 Ke6 19. b3 e4 20. Rd1 Rcd8
21. h4 Bf6 22. g3 Rd3 23. Rb1 Rhd8 24. Nf1 f4 25. gxf4 Bxh4 26. Ne3 Bf6 27. Nd5
h5 28. Kf1 h4 29. Re2 Kf5 30. Re3 h3 31. Ke2 Rh8 32. f3 Rxe3+ 33. Kxe3 h2 34.
Rh1 Rh3 35. Kf2 exf3 36. Nxf6 gxf6 37. b4 Kxf4 38. c5 Ke5 39. a4 Kd5 40. a5 a6
0-1

[Event "Championnat de France des Jeunes - Minim"]
[Site "NIMES"]
[Date "2012.04.19"]
[Round "7.2"]
[White "Kambrath, Linda"]
[Black "Vignette, Jeanne"]
[Result "1-0"]
[WhiteElo "1692"]
[BlackElo "1655"]
[PlyCount "105"]

1. e4 d5 2. exd5 Qxd5 3. Nc3 Qa5 4. Bc4 Nf6 5. Nge2 Bg4 6. O-O e6 7. d4 Nc6 8.
f3 Bh5 9. a3 O-O-O 10. Bf4 Nxd4 11. Nxd4 e5 12. b4 Bxb4 13. axb4 Qxb4 14. Bxe5
Qxc3 15. Qd3 Qxd3 16. cxd3 Rhe8 17. Bxf6 gxf6 18. Nb3 a6 19. Nc5 Re5 20. Ne4 b5
21. Ba2 Bg6 22. f4 Re7 23. f5 Bh5 24. Nxf6 Be2 25. Rfe1 Rxd3 26. Nd5 Re5 27.
Rxe2 Rxe2 28. Nf4 Red2 29. Nxd3 Rxd3 30. Bxf7 Rd6 31. Re1 Kd7 32. Be6+ Ke7 33.
Bg8+ Kf6 34. Bxh7 c5 35. g4 Kg5 36. h3 c4 37. Re6 Rxe6 38. fxe6 Kf6 39. Kf2 a5
40. Ke2 b4 41. Kd2 a4 42. e7 Kxe7 43. Bg8 c3+ 44. Kc2 Kf6 45. h4 Kg6 46. Bc4
Kf6 47. g5+ Ke5 48. h5 Kf5 49. h6 Kg6 50. Bd3+ Kf7 51. g6+ Kf6 52. g7 Kf7 53.
Bc4+ 1-0

[Event "Championnat de France des Jeunes - Minim"]
[Site "NIMES"]
[Date "2012.04.19"]
[Round "7.3"]
[White "Dol, Cecile"]
[Black "Fischer, Julie"]
[Result "0-1"]
[WhiteElo "1577"]
[BlackElo "1841"]
[PlyCount "60"]

1. e4 c5 2. Nf3 Nc6 3. c3 e5 4. d4 exd4 5. cxd4 cxd4 6. Nxd4 Nf6 7. Nxc6 dxc6
8. Qxd8+ Kxd8 9. Bg5 Be7 10. Nc3 Be6 11. Be2 Nd7 12. Bxe7+ Kxe7 13. O-O b5 14.
a3 Rhd8 15. Rfd1 Bb3 16. Re1 Nc5 17. Bf3 Nd3 18. Re2 Ne5 19. Re3 Rd3 20. Rae1
Nxf3+ 21. gxf3 Rxe3 22. Rxe3 Bc4 23. Ne2 Rd8 24. b3 Bxe2 25. Rxe2 Rd1+ 26. Kg2
Ra1 27. Rc2 Kd6 28. Rd2+ Kc7 29. a4 bxa4 30. bxa4 Rxa4 0-1

[Event "Championnat de France des Jeunes - Minim"]
[Site "NIMES"]
[Date "2012.04.19"]
[Round "7.4"]
[White "Thomas, Anysia"]
[Black "Rouzes, Sibylle-Anne"]
[Result "1-0"]
[WhiteElo "1762"]
[BlackElo "1607"]
[PlyCount "69"]

1. d4 d5 2. c4 e6 3. Nc3 Nf6 4. Nf3 c6 5. cxd5 exd5 6. Bg5 Be7 7. e3 Bf5 8. Bd3
Bxd3 9. Qxd3 Nbd7 10. O-O O-O 11. Rab1 Ne4 12. Bf4 Ndf6 13. Ne5 Bd6 14. h3 Re8
15. f3 Nxc3 16. bxc3 Qc7 17. Qf5 b6 18. Rbe1 Qc8 19. Qc2 Nd7 20. Nxd7 Qxd7 21.
Bxd6 Qxd6 22. e4 Qg6 23. Qf2 Qd6 24. e5 Qe7 25. f4 c5 26. f5 f6 27. g4 fxe5 28.
dxe5 Rad8 29. f6 gxf6 30. exf6 Qf7 31. Qf5 d4 32. Qg5+ Kf8 33. Re7 Qg6 34. Qe5
Qd3 35. f7 1-0

[Event "Championnat de France des Jeunes - Minim"]
[Site "NIMES"]
[Date "2012.04.19"]
[Round "7.5"]
[White "Branlant, Albane"]
[Black "Rigolot, Lucie"]
[Result "0-1"]
[WhiteElo "1659"]
[BlackElo "1954"]
[PlyCount "112"]

1. d4 d5 2. c4 e6 3. Nc3 c6 4. cxd5 exd5 5. Bf4 Nf6 6. e3 Bg4 7. f3 Bf5 8. Bd3
Bxd3 9. Qxd3 Nh5 10. Bg3 Nxg3 11. hxg3 Qg5 12. Nge2 Bd6 13. O-O-O Nd7 14. f4
Qg6 15. e4 dxe4 16. Nxe4 Be7 17. f5 Qg4 18. Rdf1 Bg5+ 19. Kb1 g6 20. Rh4 Bxh4
21. Rf4 Qxf4 22. Nxf4 Be7 23. d5 O-O-O 24. dxc6 Nb6 25. cxb7+ Kxb7 26. Qc3 gxf5
27. Nc5+ Bxc5 28. Qxc5 Rd1+ 29. Kc2 Rhd8 30. Qxf5 R1d2+ 31. Kb3 R8d7 32. a3 h6
33. Qe4+ Ka6 34. Qf3 R2d6 35. Qe2+ Kb7 36. Qf3+ Kb8 37. Qe4 Kc7 38. Kc2 a5 39.
Kb3 a4+ 40. Kc3 Rc6+ 41. Kb4 Rc4+ 42. Qxc4+ Nxc4 43. Kxc4 Kc6 44. Nd3 Kb6 45.
Ne5 Re7 46. Kd5 f5 47. g4 fxg4 48. Nxg4 h5 49. Ne5 Rg7 50. Nc4+ Kb5 51. Ne3
Rd7+ 52. Ke4 Rd2 53. Kf3 Rxb2 54. Nd5 Rb3+ 55. Kf4 Rxa3 56. Ne3 Rxe3 0-1

[Event "Championnat de France des Jeunes - Minim"]
[Site "NIMES"]
[Date "2012.04.20"]
[Round "8.2"]
[White "Navrotescu, Andreea-Cristiana"]
[Black "Rigolot, Lucie"]
[Result "1-0"]
[WhiteElo "2094"]
[BlackElo "1954"]
[PlyCount "67"]

1. d4 d5 2. c4 e6 3. Nc3 c6 4. Nf3 Nf6 5. Bg5 h6 6. Bh4 dxc4 7. e4 g5 8. Bg3 b5
9. e5 Nd5 10. Nd2 Nd7 11. Be2 Bb7 12. O-O N7b6 13. Nde4 a6 14. Re1 Qd7 15. a4
O-O-O 16. Qc1 Be7 17. Rd1 f5 18. exf6 Nxf6 19. Nxf6 Bxf6 20. Ne4 Be7 21. Be5
Rhf8 22. b3 cxb3 23. axb5 axb5 24. Ra7 Qd5 25. Nc3 Qd7 26. Nxb5 Rf5 27. Ra5
Rdf8 28. f3 Bb4 29. Ra7 Nd5 30. Bc4 b2 31. Qxb2 Qe7 32. Nd6+ Bxd6 33. Bxd6 Qd7
34. Ra8+ 1-0

[Event "Championnat de France des Jeunes - Minim"]
[Site "NIMES"]
[Date "2012.04.20"]
[Round "8.3"]
[White "Nolot, Clementine"]
[Black "Fischer, Julie"]
[Result "1-0"]
[WhiteElo "1735"]
[BlackElo "1841"]
[PlyCount "57"]

1. e4 c5 2. Nf3 e6 3. d3 Nc6 4. g3 Qc7 5. Bg2 d5 6. O-O d4 7. Re1 e5 8. Ng5 Nf6
9. f4 Bd6 10. Na3 a6 11. Nc4 O-O 12. Nxd6 Qxd6 13. Rf1 b5 14. fxe5 Nxe5 15. Bf4
Bb7 16. Bxe5 Qxe5 17. Rf5 Qe7 18. e5 Nd5 19. Nxh7 Kxh7 20. Qh5+ Kg8 21. Be4 g6
22. Rg5 Nf4 23. gxf4 Bxe4 24. dxe4 Rfc8 25. f5 Rc6 26. f6 Qf8 27. Rf1 Re8 28.
Rf3 Rxe5 29. Rxg6+ 1-0

[Event "Championnat de France des Jeunes - Minim"]
[Site "NIMES"]
[Date "2012.04.20"]
[Round "8.4"]
[White "Bertrand, Meryl"]
[Black "Thomas, Anysia"]
[Result "1-0"]
[WhiteElo "1694"]
[BlackElo "1762"]
[PlyCount "148"]

1. d4 d5 2. Bf4 c5 3. e3 Nc6 4. c3 Nf6 5. Nd2 Bf5 6. Ngf3 e6 7. Be2 Qb6 8. Qb3
c4 9. Qxb6 axb6 10. a3 Be7 11. h3 b5 12. Rc1 Be4 13. O-O h6 14. Nxe4 Nxe4 15.
Ne5 Na5 16. f3 Nd6 17. Rfe1 g5 18. Bh2 Nb3 19. Rb1 h5 20. Bd1 Nd2 21. Rc1 Rg8
22. Re2 Nxf3+ 23. Nxf3 g4 24. Ne5 g3 25. Bxg3 Rxg3 26. Rf2 f6 27. Bxh5+ Kd8 28.
Ng6 Rxe3 29. Rcf1 Ne4 30. Rf3 Re2 31. Nxe7 Kxe7 32. Bg6 f5 33. h4 Rh8 34. h5
Nf6 35. R3f2 Rxf2 36. Kxf2 Rh6 37. Rh1 Ng8 38. Rd1 Kd7 39. Kf3 Nf6 40. Rh1 Ne4
41. Ke3 Ke7 42. Rh4 Kf6 43. Be8 Kg5 44. Rh1 Ng3 45. Rh3 Nxh5 46. Bxh5 Rxh5 47.
Rxh5+ Kxh5 48. Kf4 Kg6 49. Ke5 Kf7 50. Kd6 Kf6 51. Kc7 Kg5 52. Kxb7 Kg4 53. Kb6
Kg3 54. Kxb5 Kxg2 55. a4 f4 56. a5 f3 57. a6 f2 58. a7 f1=Q 59. a8=Q Qf7 60.
Qb8 Kf3 61. Kc6 Qf6 62. Qd6 Ke4 63. Kc5 Kd3 64. Qg3+ Kc2 65. Qh2+ Kb1 66. Qb8
Qf2 67. Qd6 Qf6 68. Qb8 Qf2 69. Qd6 Qe2 70. Qb6 Kc1 71. b3 Qd3 72. Qb4 cxb3 73.
Qxb3 Qc2 74. Qxc2+ Kxc2 1-0

[Event "Championnat de France des Jeunes - Minim"]
[Site "NIMES"]
[Date "2012.04.20"]
[Round "8.5"]
[White "Vignette, Jeanne"]
[Black "Likhoded, Victoria"]
[Result "0-1"]
[WhiteElo "1655"]
[BlackElo "1655"]
[PlyCount "90"]

1. e4 d6 2. d4 Nf6 3. Nc3 e5 4. f4 exd4 5. Qxd4 Nc6 6. Bb5 Bd7 7. Qd3 a6 8. Ba4
Be7 9. Nf3 Nb4 10. Bxd7+ Nxd7 11. Qe2 O-O 12. a3 Nc6 13. O-O Bf6 14. Nd5 Ne7
15. Nxf6+ Nxf6 16. e5 Nfd5 17. Rd1 Nb6 18. exd6 cxd6 19. Qd3 d5 20. Ng5 g6 21.
Qh3 h5 22. g4 Qc8 23. Re1 Nc6 24. f5 Qd7 25. Be3 Nc4 26. Bc5 Rfe8 27. fxg6 fxg6
28. b3 N4e5 29. Rad1 Qxg4+ 30. Qxg4 Nxg4 31. Ne6 Rac8 32. Nf4 Nce5 33. Kf1 Rxc5
34. Nd3 Nxh2+ 35. Kg2 Rxc2+ 36. Kg3 Nhg4 37. Nxe5 Rxe5 38. Rxe5 Nxe5 39. Rxd5
Nc6 40. Kf4 Rc3 41. Rd7 Rxb3 42. Kg5 Rb1 43. Kh6 h4 44. Rg7+ Kf8 45. Kxg6 Ne7+
0-1

[Event "Championnat de France des Jeunes - Minim"]
[Site "NIMES"]
[Date "2012.04.21"]
[Round "9.1"]
[White "Bertrand, Meryl"]
[Black "Navrotescu, Andreea-Cristiana"]
[Result "0-1"]
[WhiteElo "1694"]
[BlackElo "2094"]
[PlyCount "54"]

1. d4 f5 2. Nf3 Nf6 3. Bf4 g6 4. e3 Bg7 5. c4 O-O 6. Nc3 d6 7. Be2 h6 8. h3 Qe8
9. Qc2 c6 10. g4 fxg4 11. hxg4 Nxg4 12. d5 Bf5 13. e4 Bd7 14. Bg3 c5 15. O-O-O
a6 16. Rdg1 Ne5 17. Nxe5 dxe5 18. Qd2 e6 19. Bxe5 Bxe5 20. Rxh6 Bf4 21. Rgh1
Bxd2+ 22. Kxd2 Kg7 23. Rh7+ Kf6 24. dxe6 Bxe6 25. f4 Rf7 26. e5+ Ke7 27. Rxf7+
Qxf7 0-1

[Event "Championnat de France des Jeunes - Minim"]
[Site "NIMES"]
[Date "2012.04.21"]
[Round "9.2"]
[White "Fischer, Julie"]
[Black "Kambrath, Linda"]
[Result "1-0"]
[WhiteElo "1841"]
[BlackElo "1692"]
[PlyCount "125"]

1. c4 c6 2. Nc3 d5 3. cxd5 cxd5 4. Nf3 Nc6 5. Qb3 Nf6 6. d3 e6 7. Bf4 Bd6 8.
Bxd6 Qxd6 9. g3 O-O 10. Bg2 Qb4 11. Qxb4 Nxb4 12. O-O Bd7 13. a3 Nc6 14. Rac1
Rac8 15. b4 Rfd8 16. Rc2 Ne7 17. Rfc1 b5 18. Nd4 a6 19. Nb3 Bc6 20. Na5 Ba8 21.
Nb1 Rxc2 22. Rxc2 Rc8 23. Rxc8+ Nxc8 24. Nd2 Nd6 25. Ndb3 Nd7 26. f4 Kf8 27.
Kf2 Ke7 28. g4 g6 29. Kg3 h6 30. Bf3 Kd8 31. Kh4 Ke7 32. Kg3 Kd8 33. Kf2 Kc7
34. Ke3 Nb7 35. Kd4 Kd6 36. e4 Nxa5 37. Nxa5 dxe4 38. dxe4 f6 39. e5+ fxe5+ 40.
fxe5+ Nxe5 41. Bxa8 Nxg4 42. h3 e5+ 43. Kc3 Nf2 44. h4 Ke6 45. Bb7 Kf5 46. Bxa6
Kg4 47. Bxb5 Kxh4 48. Bc6 g5 49. b5 e4 50. b6 g4 51. b7 Kh3 52. b8=Q g3 53. Qf4
h5 54. Bxe4 Nxe4+ 55. Qxe4 g2 56. Qf3+ Kh2 57. Qxh5+ Kg1 58. Nc4 Kf2 59. Qh4+
Ke2 60. Qg4+ Kf2 61. a4 g1=Q 62. Qxg1+ Kxg1 63. a5 1-0

[Event "Championnat de France des Jeunes - Minim"]
[Site "NIMES"]
[Date "2012.04.21"]
[Round "9.3"]
[White "Bellaiche, Elise"]
[Black "Dol, Cecile"]
[Result "1/2-1/2"]
[WhiteElo "1985"]
[BlackElo "1577"]
[PlyCount "119"]

1. e4 e6 2. d4 d5 3. Nc3 dxe4 4. Nxe4 Bd7 5. Nf3 Bc6 6. Bd3 Nd7 7. O-O Be7 8.
c4 Ngf6 9. Ng3 Bxf3 10. Qxf3 c6 11. Be3 O-O 12. Rfd1 Re8 13. Rac1 Qa5 14. a3
Rad8 15. Bd2 Qb6 16. Bc3 Nf8 17. h4 Qc7 18. h5 N8d7 19. Ne4 Nxe4 20. Qxe4 Nf6
21. Qf3 Bd6 22. h6 Bh2+ 23. Kh1 Qf4 24. Qh3 Ng4 25. Be1 Rxd4 26. hxg7 f5 27.
Be2 Nxf2+ 28. Bxf2 Rxd1+ 29. Rxd1 Qxf2 30. Qh5 Ra8 31. Kxh2 Qf4+ 32. Kh1 Qc7
33. Qh6 Qe7 34. Rd4 Re8 35. Bh5 Rd8 36. Rxd8+ Qxd8 37. Qxe6+ Kxg7 38. Qf7+ Kh6
39. g3 Qg5 40. Bf3 Qxg3 41. Qf8+ Kg5 42. Qg7+ Kf4 43. Qxg3+ Kxg3 44. Bh5 Kf2
45. c5 b6 46. cxb6 axb6 47. b4 Ke3 48. Be8 c5 49. bxc5 bxc5 50. Bf7 Kd4 51. a4
c4 52. a5 c3 53. Bb3 Kc5 54. Bc2 f4 55. Kg2 Kb5 56. Bxh7 Kxa5 57. Kf3 Kb4 58.
Kxf4 Kb3 59. Ke3 c2 60. Bxc2+ 1/2-1/2

[Event "Championnat de France des Jeunes - Minim"]
[Site "NIMES"]
[Date "2012.04.21"]
[Round "9.4"]
[White "Likhoded, Victoria"]
[Black "Nolot, Clementine"]
[Result "1/2-1/2"]
[WhiteElo "1655"]
[BlackElo "1735"]
[PlyCount "124"]

1. c4 e5 2. Nc3 Nc6 3. Nf3 Bc5 4. g3 f5 5. d3 Nf6 6. Bg2 O-O 7. O-O d6 8. a3
Qe8 9. b4 Bd4 10. Nxd4 Nxd4 11. e3 Nc6 12. Bb2 f4 13. d4 fxg3 14. fxg3 exd4 15.
exd4 Qe3+ 16. Kh1 Bg4 17. Nd5 Qg5 18. Nxf6+ Rxf6 19. Qc1 Rxf1+ 20. Qxf1 Qd2 21.
Bd5+ Kh8 22. Qg2 Qxg2+ 23. Kxg2 Re8 24. Rf1 h5 25. Rf2 Nd8 26. c5 c6 27. Bc4 d5
28. Bd3 Kg8 29. Bg6 Re6 30. Bc2 Nf7 31. h3 Be2 32. Bf5 Re7 33. Bc1 g5 34. Bg6
Bd1 35. Bxf7+ Rxf7 36. Rxf7 Kxf7 37. Bxg5 Kg6 38. Bf4 Kf5 39. Be5 Ke4 40. Kf2
Kd3 41. Ke1 Kc2 42. a4 Bf3 43. b5 Kc3 44. a5 Bg2 45. bxc6 bxc6 46. g4 hxg4 47.
hxg4 Bf3 48. g5 Bh5 49. Kf2 a6 50. Ke3 Kc4 51. Kf4 Bg6 52. Bf6 Kb4 53. Bd8 Kc3
54. Ke5 Be8 55. Bf6 Kb4 56. Bd8 Kc3 57. Bc7 Kc4 58. Bd8 Kc3 59. Bf6 Kb4 60. Bd8
Kc3 61. Bf6 Kb4 62. Bd8 Kc3 1/2-1/2

[Event "Championnat de France des Jeunes - Minim"]
[Site "NIMES"]
[Date "2012.04.21"]
[Round "9.5"]
[White "Savalle, Mathilde"]
[Black "Susini, Lisa"]
[Result "1/2-1/2"]
[WhiteElo "1654"]
[BlackElo "1748"]
[PlyCount "122"]

1. e4 e5 2. Nf3 Nc6 3. Bc4 Nf6 4. d3 Be7 5. O-O O-O 6. Re1 d6 7. a4 Bg4 8. Nbd2
Nd7 9. a5 a6 10. c3 Kh8 11. Nf1 f5 12. exf5 Bxf5 13. Ne3 Bg6 14. Nd5 Bf7 15. b4
Bxd5 16. Bxd5 Bf6 17. Qb3 Rb8 18. Be3 Ne7 19. Be6 Ng6 20. d4 exd4 21. Bxd4 Nde5
22. Nxe5 Nxe5 23. Rad1 Nc6 24. Be3 Bg5 25. Rd5 Bxe3 26. Rxe3 Rf6 27. Rf5 Rxf5
28. Bxf5 Qg5 29. Bxh7 Rf8 30. Bg6 d5 31. Rh3+ Kg8 32. Qb1 Ne5 33. Rg3 Qf6 34.
Qc2 Nxg6 35. Rxg6 Re8 36. Kf1 Qe5 37. Qd1 Qxh2 38. Qxd5+ Kh7 39. Re6 Rxe6 40.
Qxe6 Qh1+ 41. Ke2 Qxg2 42. Qf5+ Qg6 43. Qh3+ Qh6 44. Qf5+ g6 45. Qd7+ Qg7 46.
Qxg7+ Kxg7 47. c4 Kf6 48. b5 Ke5 49. Ke3 Kf5 50. f4 Kf6 51. Ke4 Ke6 52. bxa6
bxa6 53. Ke3 Kf5 54. c5 c6 55. Kf3 Ke6 56. Ke4 Kf6 57. Ke3 Kf5 58. Kf3 Kf6 59.
Ke3 Kf5 60. Kf3 Kf6 61. Ke3 Kf5 1/2-1/2